早稲アカ NN志望校別コースの設置クラス - Statistics

General Stats
  • This quiz has been taken 28 times
  • The average score is 9 of 12
Answer Stats
Answer % Correct
開成クラス
100%
桜蔭クラス
100%
麻布クラス
95%
武蔵クラス
91%
女子学院クラス
91%
雙葉クラス
91%
渋谷幕張クラス
91%
早稲田クラス
86%
駒場東邦クラス
68%
慶應義塾普通部クラス
41%
早大学院クラス
41%
早実クラス
41%
No matching quizzes found
Score Distribution
Percent of People with Each Score
Percentile by Number Answered
Your Score History
You have not taken this quiz